Diseño de un sistema automático de riego
Guardat en:
| Autor principal: | |
|---|---|
| Format: | Llibre |
| Publicat: |
[San José , Costa Rica]
1984
|
| Etiquetes: |
Afegir etiqueta
Sense etiquetes, Sigues el primer a etiquetar aquest registre!
|
MARC
| LEADER | 00000nam a2200000Ia 4500 | ||
|---|---|---|---|
| 003 | 002880 | ||
| 005 | 20221231144404.0 | ||
| 008 | 140114s1984 cr a m 000 ||s d | ||
| 040 | |c cru CEDI | ||
| 090 | |a TFG 1680 | ||
| 100 | |a Gutiérrez Ramírez, Miguel |9 13790 | ||
| 245 | |a Diseño de un sistema automático de riego | ||
| 260 | |c 1984 |a [San José , Costa Rica] | ||
| 300 | |a ix,110 hojas :ilustraciones | ||
| 500 | |a Proyecto de graduación (bachiller en ingeniería eléctrica)--Universidad de Costa Rica. Facultad de Ingeniería. Escuela de Ingeniería Eléctrica."IE-502 Proyecto Eléctrico" | ||
| 942 | |c TFG |2 ddc | ||
| 999 | |c 21140 |d 21140 | ||
